| 000 | 00000nam##2200000za#4500 |
| 001 | 9.644344 |
| 003 | CaOODSP |
| 005 | 20210624224610 |
| 007 | cr ||||||||||| |
| 008 | 150407|1970||||xxc|||||o f|0| 0 fre|d |
| 040 | |aCaOODSP|bfre |
| 043 | |an-cn--- |
| 086 | 1 |aA53-1412/1970F-PDF |
| 110 | 1 |aCanada.|bAgriculture Canada. |bService de l'information. |
| 245 | 10|aQue savez-vous de
la graine? |h[ressource électronique] |
| 260 | |aOttawa - Ontario : |bAgriculture Canada. |c1970. |
| 300 | |a12p.|bill., tableaux |
| 500 | |aSommaire: Protection des produits entreposés.--Détection des problèmes.--Identification des organismes.--Lutte contre les infestations.--Renseignements supplémentaires.--Noms vernaculaires et scientifiques des principales espèces qui parasitent le grain entreposé.--Références.--Pour en savoir plus.--Annexe. |
| 500 | |aPublication historique numérisée par Agriculture et Agroalimentaire Canada. |
| 590 | |a15-03-Supp|b2015-03-13 |
| 775 | 08|tWhat you should know about seeds |w(CaOODSP)9.700456 |
| 856 | 40|ahttp://publications.gc.ca|qPDF|s682 Ko|uhttps://publications.gc.ca/collections/collection_2015/aac-aafc/A53-1412-1970-fra.pdf |
| 986 | |aPublication 1412/F |